Direkte oversatte sangtitler - Statistics

General Stats
  • This quiz has been taken 256 times
    255 since last reset
  • The average score is 9 of 15
Answer Stats
Artist Oversettelse Orginal tittel % Correct
Adele Sett brann til regnet Set Fire To The Rain
87%
Madonna Som en jomfru Like a Virgin
83%
A-ha Ta på meg Take on Me
83%
Mike Posner Jeg tok en pille i Ibiza I Took A Pill In Ibiza
82%
Boston Mer enn en følelse More Than A Feeling
75%
Rick Astley Aldri skal gi deg opp Never Gonna Give You Up
70%
Usher Hyggelig og langsom Nice and Slow
66%
Snoop Dogg Slip det som det er varmt Drop It Like It's Hot
59%
Post Malone Stein-stjerne Rockstar
58%
Sia Billig spenning Cheap Thrills
54%
Sir Mix-a-Lot Spedbarn har tilbake Baby Got Back
48%
Santana Glatt Smooth
43%
Wham! Uforsiktig Hviske Careless Whisper
42%
Justin Timberlake Lekker-tilbake SexyBack
42%
Evanescence Ta meg til liv Bring me to life
37%
No matching quizzes found
Score Distribution
Percent of People with Each Score
Percentile by Number Answered
Your Score History
You have not taken this quiz since the last reset